| 000 | 00000cas 2200000zi 4500 |
| 001 | 9.902374 |
| 003 | CaOODSP |
| 005 | 20260304073542 |
| 006 | m o d f |
| 007 | cr cn |||||||| |
| 008 | 210806c20119999onctr p o f0###b0fre|d |
| 022 | |a2819-201X |
| 040 | |aCaOODSP|bfre|erda|cCaOODSP |
| 043 | |an-cn--- |
| 086 | 1 |aT12-12F-PDF |
| 110 | 1 |aCanada. |bTransports Canada, |eauteur, |eorganisme de publication. |
| 222 | 0|aRapport financier trimestriel de Transports Canada |
| 245 | 10|aRapport financier trimestriel de Transports Canada : |bcompte rendu soulignant les résultats, les risques et les changements importants quant au fonctionnement, au personnel et aux programmes pour le trimestre clos le … |
| 246 | 1 |iLa livraison du 31 décembre 2011 comporte le titre : |aRapport financier trimestriel de Transports Canada (non vérifiés) pour le trimestre clos le ... |
| 246 | 1 |iLes livraisons du 30 juin 2012- comportent le titre : |aRapport financier trimestriel de Transports Canada (non audité) pour le trimestre terminé le ... |
| 264 | 1|a[Ottawa] : |bTransports Canada, |c[2011]- |
| 310 | |aTrois fois par année |
| 336 | |atexte|btxt|2rdacontent/fre |
| 337 | |ainformatique|bc|2rdamedia/fre |
| 338 | |aressource en ligne|bcr|2rdacarrier/fre |
| 362 | 1 |aParaît depuis : 30 juin 2011. |
| 500 | |aPublié aussi en anglais sous le titre : Transport Canada quarterly financial report. |
| 520 | |a« Le présent rapport financier trimestriel a été préparé par la direction tel qu’exigé par l’article 65.1 de la Loi sur la gestion des finances publiques et selon les modalités prescrites dans la Directive sur les normes comptables, GC 4400 Rapport financier trimestriel des ministères. Le rapport trimestriel devrait être lu de concert avec le Budget principal des dépenses et le Budget supplémentaire des dépenses (A). Ce rapport trimestriel n’a pas fait l’objet d’un audit externe ou d’un examen »--Introduction. |
| 588 | |aDescription d'après : 30 juin 2011. |
| 588 | |aDernière livraison consultée : 31 décembre 2024. |
| 610 | 10|aCanada. |bTransports Canada|xCrédits budgétaires et dépenses|vPériodiques. |
| 650 | 6|aFinances publiques|zCanada|vPériodiques. |
| 655 | 7|aPériodiques|2rvmgf |
| 775 | 08|tTransport Canada quarterly financial report : |w(CaOODSP)9.902373 |